Rethinking untouchability: (Record no. 1430891)

MARC details
000 -LEADER
fixed length control field 00857nam a22002537a 4500
005 - DATE AND TIME OF LATEST TRANSACTION
control field 20250522121120.0
008 - FIXED-LENGTH DATA ELEMENTS--GENERAL INFORMATION
fixed length control field 250522b |||||||| |||| 00| 0 eng d
020 ## - INTERNATIONAL STANDARD BOOK NUMBER
International Standard Book Number 978-1-5261-6872-6 (hbk)
037 ## - SOURCE OF ACQUISITION
Terms of availability TB
040 ## - CATALOGING SOURCE
Original cataloging agency CRL
Transcribing agency CRL
041 ## - LANGUAGE CODE
Source of code eng
Language code of text/sound track or separate title eng
084 ## - COLON CLASSIFICATION NUMBER
Classification number V2y7M91 R4
Assigning agency CRL
100 ## - MAIN ENTRY--PERSONAL NAME
Personal name Chairez-Garza, Jesus F.
9 (RLIN) 752136
245 ## - TITLE STATEMENT
Title Rethinking untouchability:
Remainder of title The political thought of B. R. Ambedkar
260 ## - PUBLICATION, DISTRIBUTION, ETC.
Place of publication, distribution, etc. Manchester, UK:
Name of publisher, distributor, etc. Manchester University Press,
Date of publication, distribution, etc. 2024.
300 ## - PHYSICAL DESCRIPTION
Extent xi, 241p.
365 ## - TRADE PRICE
Price amount 85.00
Currency code UKP
490 ## - SERIES STATEMENT
Series statement Racism, resistance and social change
650 ## - SUBJECT ADDED ENTRY--TOPICAL TERM
Topical term or geographic name entry element History
650 ## - SUBJECT ADDED ENTRY--TOPICAL TERM
Topical term or geographic name entry element B. R. Ambedkar
650 ## - SUBJECT ADDED ENTRY--TOPICAL TERM
Topical term or geographic name entry element Caste - India
9 (RLIN) 582695
942 ## - ADDED ENTRY ELEMENTS (KOHA)
Source of classification or shelving scheme Colon Classification (CC)
Koha item type Textbook
Classification part V2y7M91 R4
Suppress in OPAC No
Holdings
Withdrawn status Lost status Source of classification or shelving scheme Damaged status Not for loan Home library Current library Date acquired Source of acquisition Cost, normal purchase price Inventory number Total Checkouts Full call number Barcode Date last seen Price effective from Koha item type
    Colon Classification (CC)     Central Library Central Library 2025-05-22 Excel Media 85.00 6404 & 2024-12-06   V2y7M91 R4 CL1681848 2025-05-22 2025-05-22 Textbook
Copyright @ Delhi University Library System